| 000 | 00733nam a22002297a 4500 | ||
|---|---|---|---|
| 005 | 20170124105946.0 | ||
| 010 | _aA-573397 | ||
| 020 | _c95.00 | ||
| 035 | _aA-573397 | ||
| 037 | _bCen Lib/Ret | ||
| 040 |
_aDPL _bEN |
||
| 082 |
_a270.91 _bMAL |
||
| 100 |
_aMalik, S.K. _912484 |
||
| 245 |
_aThe quranic concept of war / _cby S.K. Malik |
||
| 260 |
_aDelhi _bAdam Publishers & Distributors _c1992 |
||
| 270 |
_aShandar Market, Chitli Qabar _bDelhi _e110006 |
||
| 300 |
_a155p. : _c23cm(Hb) _bcol.ill. |
||
| 500 | _aIncludes bibliographical references. | ||
| 650 |
_aQurʼan -- Theology. _912485 |
||
| 650 |
_aMuḥammad, -- Prophet, -- -632 -- Military leadership. _912486 |
||
| 942 |
_2ddc _cEN _h270.91 _mMAL |
||
| 999 |
_c124944 _d124944 |
||